000 00585nam a2200193 a 4500
003 BD-DhJNU
005 20250428061849.0
008 250401s1966 ii a b 001 0 eng
020 _a9781789290653
040 _aBD-DhJNU
_bENG
_cBD-DhJNU
_dBD-DhJNU
082 0 0 _a301.095491 KHS
_223
100 1 _aKhan, Fazlur Rashid
245 1 0 _aSociology of Pakistan /
_cFazlur Rashid Khan
260 _aDacca :
_bShirin Publications,
_c1966.
300 _axxi, 265 p. :
_bill. ;
_c23 cm.
504 _aIncludes bibliographical references and index.
650 0 _aSociologie
_zPakistan
942 _cBK
999 _c1633
_d1633